| 000 | 00626nam a22002057a 4500 | ||
|---|---|---|---|
| 005 | 20251108172720.0 | ||
| 008 | 250721s1997 xx 000 0 ara d | ||
| 082 | 1 | 4 | _a612.8/برا |
| 100 | 1 |
_aبراغينا، ن _eمؤلف |
|
| 245 | 1 | 0 | _aاللاتناظر الوظيفي عند الإنسان / |
| 264 | 1 |
_aدمشق : _bوزارة الثقافة، _c1997. |
|
| 300 | _a424ص | ||
| 490 | 0 | _a( سلسلة علوم ؛ 29 ) | |
| 650 | 1 | 7 | _aالأعصاب |
| 650 | 1 | 7 | _aطب الأعصاب |
| 650 | 1 | 7 | _aتشريح الأعصاب |
| 700 | 1 |
_aحاجوج، إلياس _eمترجم |
|
| 942 |
_2ddc _cBK |
||
| 999 |
_c86664 _d86664 |
||